[Event "GRE-ch U14"]
[Site "Chania"]
[Date "2003.04.20"]
[Round "2"]
[White "Nikolarakis, Emmanouil"]
[Black "Ntantidakis, El"]
[Result "0-1"]
[WhiteElo "1405"]
[BlackElo "1120"]
[PlyCount "84"]
[EventDate "2003.04.??"]
[EventType "swiss"]
[EventRounds "7"]
[EventCountry "GRE"]
[SourceTitle "EXT 2005"]
[Source "ChessBase"]
[SourceDate "2004.11.15"]
[SourceVersion "1"]
[SourceVersionDate "2004.11.15"]
[SourceQuality "1"]

1. e4 e5 2. Nf3 Nc6 3. Bb5 a6 4. Bxc6 bxc6 5. Nxe5 Qe7 6. d4 f6 7. Nf3 Qxe4+ 8. Qe2 Qxe2+ 9. Kxe2 d5 10. Re1 Bg4 11. Kf1+ Kd7 12. Nbd2 Bd6 13. h3 Bh5 14. Nb3 Ne7 15. c3 Bg6 16. Be3 Rhe8 17. Nfd2 Bd3+ 18. Kg1 Nf5 19. Rad1 Nxe3 20. Rxe3 Rxe3 21. fxe3 Re8 22. Kf2 h5 23. h4 Bc2 24. Re1 Rf8 25. Kf3 g5 26. g3 g4+ 27. Kg2 Rb8 28. Rf1 Ke6 29. Re1 Kd7 30. Rf1 Be7 31. Re1 a5 32. Rc1 Bd3 33. a4 Bc4 34. Nxa5 Rxb2 35. Naxc4 dxc4 36. Rd1 Rc2 37. a5 Rxc3 38. Kf1 Rxe3 39. Nxc4 Rc3 40. Nb2 Ra3 41. Nc4 Ra4 42. Rc1 Bb4 0-1

[Event "GRE-ch U14"]
[Site "Chania"]
[Date "2003.04.20"]
[Round "1"]
[White "Ntantidakis, El"]
[Black "Papargiriou, Anastasios"]
[Result "0-1"]
[WhiteElo "1120"]
[BlackElo "1600"]
[PlyCount "72"]
[EventDate "2003.04.??"]
[EventType "swiss"]
[EventRounds "7"]
[EventCountry "GRE"]
[SourceTitle "EXT 2005"]
[Source "ChessBase"]
[SourceDate "2004.11.15"]
[SourceVersion "1"]
[SourceVersionDate "2004.11.15"]
[SourceQuality "1"]

1. e4 e6 2. d4 d5 3. Nc3 Nf6 4. Bg5 dxe4 5. Nxe4 Be7 6. Bd3 Nxe4 7. Bxe4 Bxg5 8. Nf3 c6 9. c3 Nd7 10. Qc2 h6 11. h4 Be7 12. 0-0-0 Nf6 13. Ne5 0-0 14. Qe2 Nxe4 15. Qxe4 Qd5 16. Qxd5 exd5 17. Rde1 Bd6 18. Nd3 Bd7 19. f3 Rfe8 20. Reg1 Re7 21. Kd2 Rae8 22. Re1 Rxe1 23. Rxe1 Rxe1 24. Nxe1 Bf4+ 25. Ke2 Bg3 26. h5 Bxe1 27. Kxe1 f5 28. Kf2 Be8 29. g4 fxg4 30. fxg4 Bd7 31. Kf3 Kf7 32. Kf4 Kf6 33. a3 b6 34. b3 c5 35. a4 cxd4 36. cxd4 a5 0-1